000 01046naa a2200253 i 4500
001 193979
003 ES-MaACL
005 20250812063135.0
007 ta
008 240311q1960 sp ||||| |||| 00| 0 spa d
040 _bspa
_cES-MaACL
245 0 0 _aColección de Cuadernos de arte de Publicaciones Españolas
264 _a[Madrid :
_bs.n.,
_cca. 1960]
300 _a4 páginas ;
_c30 cm
336 _2rdacontent
_atexto
337 _2rdamedia
_asin mediación
338 _2rdacarrier
_avolumen
500 _aDocumentos fotocopiados con información sobre los catálogos de exposiciones del Ateneo de Madrid, los cuales fueron publicados en la colección "Cuadernos de arte", dirigida por Vicente Cacho Viu, desde enero de 1954 hasta septiembre de 1957, y continuada por José Luis Tafur desde octubre de 1957 a 1959
610 2 4 _aAteneo de Madrid-
_vExposiciones-
_y1950-1959
_91919
852 4 _aES-MaACL
_cDEPOF
_j2347-F-102
_9201521
942 _2udc
_n0
_cFOLLETOS
999 _c193979
_d193979